00452nam a2200181 a 4500001001300000003000900013005001700022008004100039020001000080082001800090100002000108245002000128260004500148300000900193500003500202505001000237650002300247nice12345678IN_TiNIC20260116013527.0050524s1997 muma grp 000 0 eng  ac39500a297.1977bEIC aEickleman, Dale aMuslim Politics aMumbai bOxford University Presss c1997 a235p aincludes index and biblioraphy2 aindex aIslam and Politics